Gandhi and status of women / (Record no. 127385)

MARC details
000 -LEADER
fixed length control field 00690nam a22002537a 4500
003 - CONTROL NUMBER IDENTIFIER
control field 0
005 - DATE AND TIME OF LATEST TRANSACTION
control field 20180726160444.0
008 - FIXED-LENGTH DATA ELEMENTS--GENERAL INFORMATION
fixed length control field 0
010 ## - LIBRARY OF CONGRESS CONTROL NUMBER
LC control number A-710529
020 ## - INTERNATIONAL STANDARD BOOK NUMBER
Terms of availability 00.00
035 ## - SYSTEM CONTROL NUMBER
System control number A-710529, A-712065
037 ## - SOURCE OF ACQUISITION
Source of stock number/acquisition Cen Lib/Ret
040 ## - CATALOGING SOURCE
Original cataloging agency DPL
Language of cataloging EN
Transcribing agency 0
082 ## - DEWEY DECIMAL CLASSIFICATION NUMBER
Classification number 301.153
Item number BAK
100 ## - MAIN ENTRY--PERSONAL NAME
Personal name Bakshi, S.R.
9 (RLIN) 1667
245 ## - TITLE STATEMENT
Title Gandhi and status of women /
Statement of responsibility, etc by S.R. Bakshi
260 ## - PUBLICATION, DISTRIBUTION, ETC. (IMPRINT)
Name of publisher, distributor, etc Ctiterion publications
Place of publication, distribution, etc New Delhi
Date of publication, distribution, etc 1987
270 ## - ADDRESS
City New Delhi
Address 136, Raja garden
Postal code 110015
300 ## - PHYSICAL DESCRIPTION
Extent 142p.
Dimensions 22cm(Hb)
500 ## - GENERAL NOTE
General note Includes index
650 ## - SUBJECT ADDED ENTRY--TOPICAL TERM
Topical term or geographic name as entry element Social science
9 (RLIN) 20337
650 ## - SUBJECT ADDED ENTRY--TOPICAL TERM
Topical term or geographic name as entry element Women empowernment
9 (RLIN) 20338
942 ## - ADDED ENTRY ELEMENTS (KOHA)
Source of classification or shelving scheme Dewey Decimal Classification
Koha item type English Books
Classification part 301.153
Call number suffix BAK
Holdings
Withdrawn status Lost status Damaged status Not for loan Home library Current library Date acquired Source of acquisition Cost, normal purchase price Total Checkouts Total Renewals Full call number Barcode Date last seen Date checked out Copy number Cost, replacement price Price effective from Koha item type Source of classification or shelving scheme Collection code
        Central Library Central Library 29/06/2015 Cen Lib/Ret 0.00 1 2 301.153 BAK A-710529 30/05/2019 02/05/2019 1 0.00 29/06/2015 English Books    
        Patel Nagar Patel Nagar 26/07/2018 BPPD/PUB 0.00     301.153 BAK A-712065 26/07/2018     0.00 26/07/2018 English Books Dewey Decimal Classification Non-fiction

© Delhi Public Library
Hit Counter
free hit counter